=LDR 00000nam 2200000 4500 =001 NUTBA000000000005463 =005 20141030114214.0 =006 =007 =008 =020 ##$$a 978-979-26-7181-0 =035 ##$$a 0010-101400000000693 =040 ##$$a NBPDMAT =082 ##$$a 612 =090 ##$$a 612 $b Tim r =100 ##$$a Tim Armandelta Selaras =245 ##$$a Rasasiakan Ensiklopedika. Inilah keariban tubuh manusia! / $c Tim Armendelta Selaras ; editor, Eko Praptanto, --- (S.L) =260 ##$$a Armandelta $c 2008 =300 ##$$a 158 hlm. : $b ilus. ; $c 24 cm. =650 ##$$a Tubuh Manusia =700 ##$$a Eko Praptanto =850 ##$$a NBPDMAT